Loading...
| Science - Other | 0 | 5 | 0 | 1 | 50 | 40 | 68.00 | 0 | 2 | 22.31 | 32.14 |
| History - Other | 0 | 3 | 0 | 0 | 30 | 36 | 47.67 | 1 | 3 | 17.49 | 27.89 |
| Fine Arts - Other | 0 | 2 | 0 | 0 | 20 | 57 | 63.00 | 1 | 1 | 10.64 | 15.00 |
| Religion | 0 | 2 | 0 | 0 | 20 | 73 | 78.00 | 1 | 2 | 8.08 | 15.50 |
| Social Science | 0 | 2 | 0 | 0 | 20 | 49 | 73.50 | 1 | 2 | 7.43 | 17.00 |
| Science - Physics | 0 | 2 | 1 | 1 | 15 | 61 | 83.00 | 0 | 1 | 6.74 | 8.25 |
| Mythology | 0 | 2 | 1 | 0 | 15 | 70 | 87.50 | 0 | 1 | 7.19 | 15.00 |
| Pop Culture | 0 | 1 | 0 | 0 | 10 | 142 | 142.00 | 0 | 0 | 0.00 | 3.33 |
| Science - Biology | 0 | 1 | 0 | 0 | 10 | 69 | 69.00 | 0 | 1 | 4.61 | 9.00 |
| Geography/Current Events | 0 | 1 | 0 | 0 | 10 | 53 | 53.00 | 1 | 1 | 9.82 | 16.67 |
| Literature - European | 0 | 1 | 0 | 0 | 10 | 99 | 99.00 | 0 | 1 | 2.77 | 8.18 |
| Philosophy | 0 | 1 | 0 | 0 | 10 | 58 | 58.00 | 1 | 1 | 5.21 | 8.89 |
| History - American | 0 | 1 | 2 | 0 | 0 | 90 | 90.00 | 1 | 1 | 3.02 | 8.75 |